| 000 -LEADER |
| fixed length control field |
nam a22 a 4500 |
| 003 - CONTROL NUMBER IDENTIFIER |
| control field |
AM-YeNLA |
| 005 - DATE AND TIME OF LATEST TRANSACTION |
| control field |
20251217154641.0 |
| 007 - PHYSICAL DESCRIPTION FIXED FIELD--GENERAL INFORMATION |
| fixed length control field |
ta |
| 008 - FIXED-LENGTH DATA ELEMENTS--GENERAL INFORMATION |
| fixed length control field |
251217s2024 ai a|||gr|||||000|0|arm|| |
| 020 ## - INTERNATIONAL STANDARD BOOK NUMBER |
| International Standard Book Number |
978-9939-9280-4-3 |
| 040 ## - CATALOGING SOURCE |
| Language of cataloging |
arm |
| Transcribing agency |
AM-YeNLA |
| 041 0# - LANGUAGE CODE |
| Language code of text/sound track or separate title |
arm |
| 245 00 - TITLE STATEMENT |
| Title |
Սովորական շաբաթ ։ |
| Remainder of title |
Կնոջն ազատագրելու փորձ սովետում / |
| Statement of responsibility, etc. |
Կազմողներ՝ Ն. Մանուկյան, Թ. Սաղդասարյան, Հ. Կյուրեղյան, Ա. Հարոյան ; Թարգմանիչ՝ Ս. Ղազարյան ; Նկարիչ՝ Տ. Մանգասարյան. |
| 260 ## - PUBLICATION, DISTRIBUTION, ETC. (IMPRINT) |
| Place of publication, distribution, etc. |
Երևան ։ |
| Name of publisher, distributor, etc. |
«Պարադիգմա» կրթական հիմնադրամ, |
| Date of publication, distribution, etc. |
2024. |
| 300 ## - PHYSICAL DESCRIPTION |
| Extent |
148 էջ ։ |
| Other physical details |
գունավոր նկարազարդումներ ; |
| Dimensions |
30 սմ. |
| 500 ## - GENERAL NOTE |
| General note |
Մայրը գերծանրաբեռնված է ։ Ո՞ւր է պետության հոգատարությունը։ Ծանրաբեռնվածությունը ավելանում է։ |
| 504 ## - BIBLIOGRAPHY, ETC. NOTE |
| Bibliography, etc |
Ծանոթագրություններ՝ էջ 141-142։ |
| 650 14 - SUBJECT ADDED ENTRY--TOPICAL TERM |
| Topical term or geographic name as entry element |
Կանայք |
| Geographic subdivision |
Խորհրդային Միություն |
| 650 14 - SUBJECT ADDED ENTRY--TOPICAL TERM |
| Topical term or geographic name as entry element |
Կանայք |
| Form subdivision |
Վիճակագրություն |
| Geographic subdivision |
Խորհրդային Միություն |
| 650 14 - SUBJECT ADDED ENTRY--TOPICAL TERM |
| Topical term or geographic name as entry element |
Գրաֆիկական արվեստ |
| Geographic subdivision |
Խորհրդային Միություն |
| 700 1# - ADDED ENTRY--PERSONAL NAME |
| Personal name |
Մանուկյան, Նարեկ |
| Relator term |
կազմող |
| Relator code |
com |
| 700 1# - ADDED ENTRY--PERSONAL NAME |
| Personal name |
Սաղդասարյան, Թալին |
| Relator term |
կազմող |
| Relator code |
com |
| 700 1# - ADDED ENTRY--PERSONAL NAME |
| Personal name |
Կյուրեղյան, Հասմիկ |
| Relator term |
կազմող |
| Relator code |
com |
| 700 1# - ADDED ENTRY--PERSONAL NAME |
| Personal name |
Հարոյան, Արփինե |
| Relator term |
կազմող |
| Relator code |
com |
| 700 1# - ADDED ENTRY--PERSONAL NAME |
| Personal name |
Ղազարյան, Սևակ |
| Relator term |
թարգմանիչ |
| Relator code |
trl |
| 700 1# - ADDED ENTRY--PERSONAL NAME |
| Personal name |
Մանգասարյան, Տ. |
| Relator term |
նկարիչ |
| Relator code |
art |
| 942 ## - ADDED ENTRY ELEMENTS (KOHA) |
| Source of classification or shelving scheme |
|
| Koha item type |
Books |